| 000 | 02774cam a22005174i 4500 | ||
|---|---|---|---|
| 003 | PE-LiUPU | ||
| 005 | 20250731172933.0 | ||
| 008 | 150623s1994 pe a rb 000 0 spa d | ||
| 035 | _a(Sirsi) a20584 | ||
| 040 |
_aPE-LiUPU _bspa _cPE-LiUPU _erda |
||
| 082 | 0 | 4 |
_a286.732085 _bJ17 _221 |
| 100 | 1 |
_aJaimes Zubieta, Rubén, _eautor. |
|
| 245 | 1 | 1 |
_a¿Crisis en la iglesia Adventista? / _cRubén Jaimes Zubieta. |
| 264 | 1 |
_aArequipa, Perú : _bTipografía Offset García, _c1994. |
|
| 300 |
_a210 páginas : _bilustraciones ; _c21 centímetros |
||
| 336 |
_atext _2rdacontent |
||
| 337 |
_aunmediated _2rdamedia |
||
| 338 |
_avolume _2rdacarrier |
||
| 504 | _aIncluye bibliografía. | ||
| 505 | 0 | _aLa iglesia adventista del séptimo día y su administración -- Las disidencias en la IASD y la disidencia asociacionista en el Perú -- La crisis asociacionista de 1968 -- Conclusiones lecciones y reflexiones.. | |
| 526 | _aSEG42 | ||
| 526 | _aSEG41 | ||
| 526 | _aSEG40 | ||
| 526 | _aSEG39 | ||
| 526 | _aP94 | ||
| 526 | _aP87 | ||
| 526 | _aP86 | ||
| 526 | _aP85 | ||
| 526 | _aP77 | ||
| 526 | _aP76 | ||
| 526 | _aP35 | ||
| 541 | _FT00068, FT00067. | ||
| 650 | 0 | 4 |
_aAdventistas del Séptimo día _xHistoria _zPerú _y1968. |
| 910 |
_ajck _bncf _cncf _d20161005 |
||
| 942 |
_2ddc _cBOOK |
||
| 949 |
_a286.732085 J17 _wDEWEY _c1 _i44081 _lCCODEBUL1 _mBUL _p00.00 _r0 _sY _tBOOK _u2015-06-24 _xTEOLOGIA _PP35 _0COMPRA _o.STAFF. Colección Teología |
||
| 949 |
_a286.732085 J17 1994 _wDEWEY _c1 _iFT00067 _lCCODEBUT1 _mBUT _p{dolar}10.00 _r0 _sY _tBOOK _u2015-6-23 _xBIBLIOTECA _zUNKNOWN _o.STAFF. Colección General Tarapoto |
||
| 949 |
_a286.732085 J17 1994 _wDEWEY _c2 _iFT00068 _lCCODEBUT1 _mBUT _p{dolar}10.00 _r0 _sY _tBOOK _u2015-6-23 _xBIBLIOTECA _zUNKNOWN _o.STAFF. Colección General Tarapoto |
||
| 596 | _a1 2 4 | ||
| 999 |
_a286.732085 J17 1994 _wDEWEY _c20961 _iFT00068 _f2019-2-20 _g1 _lCCODEBUT1 _mBUT _p10.00 _r0 _sY _tBOOK _u2016-8-10 _xBIBLIOTECA _zUNKNOWN _0DONACION _o.STAFF. Colección General Tarapoto _d20961 |
||
| 999 |
_a286.732085 J17 1994 _wDEWEY _c2 _iFT00067 _f2019-2-20 _g1 _lCCODEBUT1 _mBUT _p10.00 _r0 _sY _tBOOK _u2018-7-4 _xBIBLIOTECA _zUNKNOWN _0DONACION _o.STAFF. Colección General Tarapoto |
||
| 999 |
_a286.732085 J17 _wDEWEY _c1 _i44081 _d2018-11-8 _e2018-6-10 _f2021-11-10 _g6 _lCCODEBUL1 _mBUL _n2 _p10.00 _q1 _r0 _sY _tBOOK _u2016-8-10 _xTEOLOGIA _PP35 _0DONACION _o.STAFF. Colección Teología |
||
| 999 |
_a286.732085 J17 _wDEWEY _c1 _i74815 _d2020-1-28 _e2019-10-18 _f2019-12-11 _g5 _lCCODECWL1 _mBWL _n5 _p10.00 _q5 _r1 _sY _tBOOK _u2016-10-5 _xTEOLOGIA _PP35 _0DONACION _o.STAFF. Colección Teología |
||
| 980 |
_81 _gALBERTO SANCHEZ Responsable de Automatización |
||